000
00244nam a22001097a 4500
008
170125b xxu||||| |||| 00| 0 eng d
020
_a
9780727915092
041
_a
eng
080
_a
61
245
_a
CLINICAL EVIDENCE
_c
BARTON, S
942
_2
udc
_c
BK
999
_c
3692
_d
3692